000 00836nam a2200265Ia 4500
003 OSt
005 20220924115406.0
006 a|||||r|||| 00| 0
007 ta
008 220923b |||||||| |||| 00| 0 kan d
020 _a9788176467865 (hbk)
020 _c595
024 _a258941
037 _b422, 13/12/2011, Anshika Book International
_cTextual
040 _aARTS
_cARTS
_bkan
041 _2kan
_akan
082 _aO33,2N38:g(R5), 111Q1
100 _aBudholia O P
_9178113
245 0 _aGirish Karnad
_b Poetics and aesthetics
260 _aDelhi
_bB.R. Publishing Corporation India
_c2011
300 _aix,206p.
_ccm.
650 _aKANNAD LITERATURE
942 _hO33,2N38:g(R5), 111Q1
_cTEXL
_2CC
999 _c398167
_d398167